Cumhuriyet Halk Partisi kadın programı: (Record no. 7940)

MARC details
000 -BAŞLIK
Sabit Uzunlukta Kontrol Alanı 01386na a2200361 4500
999 ## - SİSTEM KONTROL NUMARALARI (KOHA)
Koha Biblionumber 7940
Koha Biblioitemnumber 7940
001 - KONTROL NUMARASI
Denetim Alanı 20784
003 - KONTROL NUMARASI IDENTIFIER
Denetim Alanı MIRAKIL
005 - SON İŞLEM TARİHİ VE ZAMANI
Denetim Alanı 20200304144622.0
008 - SABİT-BOY VERİ ELEMANLARI - GENEL BİLGİLER
Sabit Uzunlukta Kontrol Alanı 170127b tu 000 0
035 ## - SİSTEM KONTROL NUMARASI
Sistem Kontrol Numarası 20784
040 ## - KATALOGLAMA KAYNAK
Orijinal Kataloglama Ajansı TR-AnCHP
Kataloglama Dili tur
Metne Dönüştürmek Ajansı TR-AnCHP
041 ## - DİL KODU
Metin / Ses Parça Veya Ayrı Başlığın Dil Kodu tur
082 ## - DEWEY ONLU SINIFLANDIRMA NUMARASI
Sınıflandırma Numarası CHP 305.4
Ürün Numarası C36k 2002
090 ## - SINIFLAMA NUMARASI
Sınıflama Numarası BROŞÜR 214
110 ## - ANA GİRİŞ - KURUMSAL ADI
Giriş Elemanı Olarak Kurumsal Ad Veya Yargı Alanı Adı Cumhuriyet Halk Partisi (CHP)
222 ## - ANAHTAR ADI
Anahtar Başlık Kadın programı
245 ## - BAŞLIK TABLOSU
Başlık Cumhuriyet Halk Partisi kadın programı:
Başlığın Kalan 8 Mart 2002/
Sorumluluk Tablosu, Vb Cumhuriyet Halk Partisi.
260 ## - YAYIN, DAĞITIM, VB
Yayın, Dağıtım, Vb Yeri Ankara:
Yayıncı, Dağıtıcı, Vs Adı CHP,
Yayın, Dağıtım, Vb Tarihi 2002.
300 ## - FİZİKSEL TANIM
Kapsam 95 s.:
Boyutlar 19 sm.
440 ## - SERİSİ TABLOSU / KATMA GİRİŞİ - BAŞLIK
Başlık Cumhuriyet Halk Partisi yayınları
Hacim / Ardışık Tanımı Programlar
505 ## - BİÇİMLENDİRİLDİ İÇİNDEKİLER NOT
Biçimlendirilmiş İçeriği Dikkat Kadın ve politika - Kadın ve ekonomi - Kadın ve hukuk - Kadın ve sağlık - Kadın ve şiddet - Kadın ve çevre - Kız çocukları - Ev kadınları - CHP'nin farklı kadın programları
610 ## - KONU KATMA GİRİŞ - TOPLANTI ADI
Giriş Elemanı Olarak Kurumsal Ad Veya Yargı Alanı Adı CHP
Genel Alt Bölüm Propaganda ve ideolojiler
Kronolojik Alt Bölüm Kadın hakları
610 ## - KONU KATMA GİRİŞ - TOPLANTI ADI
Giriş Elemanı Olarak Kurumsal Ad Veya Yargı Alanı Adı CHP
Genel Alt Bölüm Programlar, 2002
Kronolojik Alt Bölüm Kadın politikaları
610 ## - KONU KATMA GİRİŞ - TOPLANTI ADI
Giriş Elemanı Olarak Kurumsal Ad Veya Yargı Alanı Adı CHP
Genel Alt Bölüm Kadın sorunu
Kronolojik Alt Bölüm Çözüm önerileri
650 ## - KONU KATMA GİRİŞ - TOPİKAL DÖNEM
Topikal Süreli Veya Coğrafi Ad Giriş Elemanı Kadınlar
Genel Alt Bölümü Sosyo ekonomik durum
Coğrafi Alt Bölümü Türkiye
651 ## - KONU KATMA GİRİŞ - COĞRAFİ ADI
Coğrafi İsim Türkiye
Genel Alt Bölümü Siyaset ve yönetim
Kronolojik Alt Bölümü 2002-
740 ## - KATMA GİRİŞ - KONTROLSUZ İLGİLİ / ANALİTİK BAŞLIK
Kontrol Edilmeyen / İlgili Analitik Başlıktaki CHP'nin farklı kadın programları
830 ## - SERİSİ EKLENDİ GİRİŞ - ÜNİFORM ADI
Üniforma Başlık CHP programları
856 ## - ELEKTRONİK YER VE ERİŞİM
Kamu Notu Dijital Nüshası için Partimizin Kütüphane Sorumlusu ile iletişime geçiniz.
942 ## - EKLENDİ GİRİŞ ELEMANLARI (KOHA)
Sınıflandırma Veya Raf Düzeni Kaynak Dewey Decimal Classification
Koha Öğesi Türü Visual Material
999 ## - SİSTEM KONTROL NUMARALARI (KOHA)
Koha Biblioitemnumber 7940
Holdings
Kullanım Kısıtlamaları Kalıcı Konum Mevcut Konum Edinme Tarihi Edinim Kaynak Kodlu Konum Eleme Toplam Check-Out'Lar Tam Çağrı Numarası Barkod Tarih Son Görülme Kopya Sayısı İtibaren Geçerli Fiyatlar Koha Öğesi Türü
Kütüphane dışına çıkarılamaz CHP Kütüphanesi CHP Kütüphanesi 01/26/2017 Bağış BROŞÜRLER   BROŞÜR 214 013067 01/26/2017 k.2 01/26/2017 Visual Material